Statistics for Youngest Countries Bordering Each Other

Click here to take the quiz!

General Stats

  • This quiz has been taken 143 times
  • The average score is 15 of 18

Answer Stats

Country % Correct
D.R. of the Congo
93%
South Sudan
89%
Niger
87%
Chad
86%
Mozambique
84%
Zambia
83%
Uganda
83%
Tanzania
83%
Nigeria
83%
Mali
83%
Ethiopia
83%
Angola
81%
Burundi
75%
Burkina Faso
75%
Guinea
73%
Senegal
73%
Malawi
71%
Benin
68%

Score Distribution

Percentile by Number Answered

Percent of People with Each Score

Your Score History

You have not taken this quiz